| 000 | 00397nam a2200133 i 4500 | ||
|---|---|---|---|
| 001 | 81942 | ||
| 003 | ES-MaACL | ||
| 007 | t| | ||
| 008 | 041108s1983 sp ||||1| spa d | ||
| 245 | 0 | 0 | _aIndigenismo y romanización emn el conventus asturum. |
| 260 |
_aOviedo : _bUniversidad de Oviedo, Cátedra Jovellanos, _c1983. |
||
| 300 |
_a177 p. : _bil. ; _c29 cm. |
||
| 852 |
_aES-MaACL _jL-4520 _bR.105202 |
||
| 999 |
_c81942 _d81942 |
||